La ideología soviética /

שמור ב:
מידע ביבליוגרפי
מחבר ראשי: Wetter, Gustav A. (autor)
מחברים אחרים: Leonhard, Wolfgang (autor) (autor)
פורמט: ספר
שפה:ספרדית
יצא לאור: Barcelona, España : Herder, 1964, c1964
תגים: הוספת תג
אין תגיות, היה/י הראשונ/ה לתייג את הרשומה!

MARC

LEADER 00000nam^a2200000^a^4500
001 000613750
005 20250521000000.0
009 20260310133628.796
037 |a Acervo Xavier Clavigero 
041 |a ESP 
091 |a FDU. 01222 
100 |a Wetter, Gustav A.  |e (autor) 
240 1 4 |a [La ideología soviética] 
245 1 3 |a La ideología soviética / 
264 4 |a Barcelona, España :  |b Herder,  |c 1964, c1964 
300 |a 676 p. 
336 |a texto  |b txt  |2 rdacontenido 
337 |a sin mediación  |b n  |2 rdamedio 
338 |a volumen  |b nc  |2 rdasoporte 
649 |a XX 
700 |a Leonhard, Wolfgang  |e (autor) 
910 |a Fondo Víctor Raúl Durana Valerio S.J. 
920 |a Impresos - Libros 
930 |a Fondos Especiales 
905 |a 116 
901 |a 613750-10  |b IT2  |c ESP  |i D5160  |u 20250521 
902 |a https://opac.biblio.iteso.mx/vufind/Record/000613750